Mots contenant "MER" - Statistiques

Statistiques générales
  • Ce quiz a été pris 295 fois
  • Le résultat moyen est 12 sur 20
Statistiques - réponses
ma définition ta réponse % Correct
le surlendemain du lundi mercredi
99%
Joyeux Noël en anglais Merry Christmas !
96%
aigre, désagréable, âpre amer
90%
continent Amérique
81%
le phare d'Alexandrie en fait partie les merveilles du monde
78%
juron merde
78%
petite saucisse rouge épicée du Maghreb la merguez
77%
les deux premières œuvres de la littérature occidentale que sont l'Iliade et l'Odyssée lui sont attribuées Homère
67%
personne curieuse et bavarde qui colporte les nouvelles partout une commère
65%
personnage légendaire, prophète magicien doué de métamorphose, commandant aux éléments naturels et aux animaux dans la littérature médiévale Merlin l'Enchanteur
61%
en géographie, une demi-ellipse imaginaire tracée sur le globe terrestre reliant les pôles géographiques un méridien
60%
ensemble de marchandises servant aux travaux de couture la mercerie
56%
constructeur allemand d'automobiles (modèles premium, de sport et de luxe), de camions, d'autocars et d'autobus indépendant Mercedes-Benz
52%
prénom masculin commençant par E Emeric
40%
aussi appelé "cerisier des oiseaux" le merisier
38%
commune du Sud-Ouest de la France, située dans le département de la Gironde, dans la banlieue ouest de Bordeaux, en région Nouvelle-Aquitaine Mérignac
34%
pays d'Afrique centrale Cameroun
33%
qui relève des nombres numérique
29%
fête annuelle célébrée en mai dans de nombreux pays la fête des mères
26%
commune française située au bord de la Méditerranée et proche de Toulon La Seyne-sur-Mer
10%
Aucun quiz correspondant
Distribution des résultats
% des personnes avec chaque résultat
Percentile par nombre de réponses
Votre historique - résultats
Vous n’avez pas pris ce quiz